fine line harry styles - Statistiques

Statistiques générales
  • Ce quiz a été pris 245 fois
  • Le résultat moyen est 171 sur 205
Statistiques - réponses
Réponse % Correct
a
100%
be
98%
fine
98%
we’ll
96%
w’ell
96%
line
95%
I
94%
alright
90%
to
90%
on
87%
so
86%
you
86%
emotion
84%
price
83%
put
83%
for
80%
looking
79%
my
79%
something
79%
the
78%
buy
77%
don’t
74%
in
74%
want
74%
sleep
72%
and
71%
devotion
69%
got
69%
but
68%
I’m
67%
can
66%
hate
66%
sometimes
66%
man
64%
of
62%
you’ve
62%
fight
60%
get
55%
her
51%
know
51%
thinking
51%
dirt
50%
risk
50%
sunshine
50%
temptress
50%
drinks
48%
hand’s
48%
patience
47%
at
45%
I’ll
45%
that
44%
is
42%
never
41%
way
41%
only
40%
open
40%
this
40%
things
39%
test
38%
fold
37%
spreading
37%
knowing
35%
try
35%
soon
31%
shake
30%
there’s
26%
crisp
24%
trepidation
24%
Aucun quiz correspondant
Distribution des résultats
% des personnes avec chaque résultat
Percentile par nombre de réponses
Votre historique - résultats
Vous n’avez pas pris ce quiz